000
00222nam a22000857a 4500
003
SGT
245
_a
INTERNATIONAL JOURNAL OF PURE & APPLIED PHYSICS
260
_a
DELHI
_b
RIP RESEARCH INDIA PUBLICATIONS
_c
2013
942
_2
ddc
_c
BV
999
_c
20254
_d
20254